000 01301nam a2200397 c 4500
999 _c50912
_d50912
001 50912
003 ES-MaCES
005 20180831121828.0
007 cr |||||||||||
008 000000s2017 sp d r 000 | spa d
017 _aM 16075-2017
_bDL
020 _a9788415860808
040 _aES-MaCES
_bspa
_cES-MaCES
245 0 0 _aInforme sobre la ciencia y la tecnología en España
_hRecurso electrónico
260 _aMadrid
_bFundación Alternativas
_c2017
300 _a1 documento pdf
_c(3,28 kb)
504 _aBibliografía: p. 153-159
541 _cGratuito
650 4 _aciencia
_928831
650 4 _atecnología
_928238
650 4 _asociedad
_927269
650 4 _acambio social
_927286
650 4 _acambio tecnológico
_928236
650 4 _ainnovación
_928230
650 4 _ainvestigación y desarrollo
_928273
650 4 _apolítica científica
_928832
650 4 _apolítica de investigación
_928828
650 4 _aEspaña
_926964
650 4 _ainforme
_928986
650 4 _arepertorio de recomendaciones prácticas
_929261
653 1 0 _aPolíticas sectoriales
710 2 _93749
_aFundación Alternativas
_eed.
856 4 _uhttp://biblioteca.ces.es/repintra/B50912.pdf
_ytexto completo
_z[intranet]
902 _aELE PUB. ELECTRONICA
942 _2CES
_cBK
_h5.2.